[Event "AUT-ch U18 Girls"]
[Site "Velden"]
[Date "2010.03.28"]
[Round "2.4"]
[White "Windhager, Vanessa"]
[Black "Wunderl, Eva"]
[Result "0-1"]
[WhiteElo "1299"]
[BlackElo "1807"]
[PlyCount "118"]
[EventDate "2010.03.28"]
[EventType "swiss"]
[EventRounds "7"]
[EventCountry "AUT"]
[SourceTitle "EXT 2024"]
[Source "ChessBase"]
[SourceDate "2023.10.10"]
[SourceVersion "1"]
[SourceVersionDate "2023.10.10"]
[SourceQuality "1"]

1. e4 e5 2. Nf3 Nc6 3. Bc4 Bc5 4. d3 Nf6 5. Bg5 h6 6. Bh4 d6 7. h3 Be6 8. Bb3 Qe7 9. Nc3 g5 10. Bg3 0-0-0 11. Nd2 Nd4 12. Bxe6+ Nxe6 13. Nb3 Bb6 14. Na4 Nf4 15. Qf3 d5 16. Nxb6+ axb6 17. exd5 N6xd5 18. 0-0-0 f5 19. Bxf4 Nxf4 20. g3 e4 21. Qe3 Nd5 22. Qe2 Rhe8 23. dxe4 Qxe4 24. Qxe4 Rxe4 25. Rhe1 Nf6 26. Rxd8+ Kxd8 27. Kd2 c5 28. Rxe4 Nxe4+ 29. Ke3 Ke7 30. Nd2 Nd6 31. Kd3 b5 32. c3 Ke6 33. b3 Ke5 34. c4 b4 35. Nf3+ Kf6 36. Nd2 h5 37. f4 Nf7 38. Nf3 g4 39. hxg4 fxg4 40. Nd2 Kf5 41. Ne4 b6 42. Ke3 Ke6 43. Kf2 Nh6 44. Ng5+ Ke7 45. Ne4 Nf5 46. Nd2 Kf7 47. Ne4 Kg6 48. Ng5 h4 49. gxh4 Kh5 50. Ne4 Kxh4 51. Kg2 g3 52. Nd2 Kg4 53. Ne4 Kxf4 54. Nf6 Ne3+ 55. Kg1 Kf3 56. Nh5 Nd1 57. Nf6 Nc3 58. Nd7 Ne2+ 59. Kf1 g2+ 0-1

[Event "AUT-ch U18 Girls"]
[Site "Velden"]
[Date "2010.03.28"]
[Round "1.3"]
[White "Wunderl, Eva"]
[Black "Steiner, Magdalena"]
[Result "0-1"]
[WhiteElo "1807"]
[BlackElo "1545"]
[PlyCount "70"]
[EventDate "2010.03.28"]
[EventType "swiss"]
[EventRounds "7"]
[EventCountry "AUT"]
[SourceTitle "EXT 2024"]
[Source "ChessBase"]
[SourceDate "2023.10.10"]
[SourceVersion "1"]
[SourceVersionDate "2023.10.10"]
[SourceQuality "1"]

1. e4 d6 2. d4 Nf6 3. Nc3 g6 4. Be3 Bg7 5. h3 0-0 6. Nf3 b6 7. Bd3 c5 8. 0-0 Bb7 9. a4 Nc6 10. d5 Nb4 11. Na2 Nxd3 12. Qxd3 e6 13. c4 Qd7 14. Nc3 Ne8 15. a5 Nc7 16. Bd2 Ba6 17. Ra2 exd5 18. exd5 b5 19. b3 bxc4 20. bxc4 f5 21. Ne2 Rfe8 22. Nf4 Re4 23. Rc1 Rb8 24. Ng5 Rd4 25. Qf1 Bh6 26. Nge6 Rxd5 27. Nxc7 Qxc7 28. Ne6 Qe7 29. Nxc5 Rxd2 30. Rxd2 Bxd2 31. Nxa6 Rb2 32. Ra1 Qe5 33. Nc7 Bxa5 34. Nb5 Bb6 35. Nxa7 Rxf2 0-1

[Event "Wch U16 Girls"]
[Site "Kemer"]
[Date "2009.11.16"]
[Round "6"]
[White "Wunderl, Eva"]
[Black "Diril, Isil"]
[Result "1/2-1/2"]
[WhiteElo "1821"]
[BlackElo "1585"]
[PlyCount "30"]
[EventDate "2009.11.12"]
[EventType "swiss"]
[EventRounds "11"]
[EventCountry "TUR"]
[SourceTitle "EXT 2010"]
[Source "ChessBase"]
[SourceDate "2010.11.25"]
[SourceVersion "1"]
[SourceVersionDate "2010.11.25"]
[SourceQuality "1"]

1. e4 d5 2. exd5 Qxd5 3. Nc3 Qa5 4. Bc4 Nf6 5. d3 c6 6. Bd2 Bf5 7. Qe2 e6 8. h3 h5 9. 0-0-0 Nbd7 10. Nf3 Bb4 11. Nd4 Bg6 12. Rhe1 0-0-0 13. a3 Bxc3 14. Bxc3 Qc7 15. Nf3 Nb6 1/2-1/2

[Event "Wch U16 Girls"]
[Site "Kemer"]
[Date "2009.11.13"]
[Round "2"]
[White "Wunderl, Eva"]
[Black "Olsarova, Karolina"]
[Result "0-1"]
[WhiteElo "1821"]
[BlackElo "2192"]
[PlyCount "63"]
[EventDate "2009.11.12"]
[EventType "swiss"]
[EventRounds "11"]
[EventCountry "TUR"]
[SourceTitle "EXT 2010"]
[Source "ChessBase"]
[SourceDate "2010.11.25"]
[SourceVersion "1"]
[SourceVersionDate "2010.11.25"]
[SourceQuality "1"]

1. e4 e5 2. Nf3 Nc6 3. Bc4 Nf6 4. a3 Be7 5. 0-0 0-0 6. Re1 d6 7. a4 Re8 8. a5 a6 9. d3 h6 10. c3 Be6 11. Bxe6 fxe6 12. b4 Bf8 13. Qc2 Nh5 14. Be3 d5 15. d4 exd4 16. Nxd4 Nxd4 17. Bxd4 Nf4 18. Be5 Qg5 19. Bxf4 Qxf4 20. Nd2 c5 21. exd5 exd5 22. Qa2 Rxe1+ 23. Rxe1 cxb4 24. Qxd5+ Qf7 25. c4 Qxd5 26. cxd5 Rd8 27. Re5 Bd6 28. Rf5 Bc7 29. Nc4 g6 30. Rf6 Rxd5 31. Rxg6+ Kh7 32. Re6 0-1

[Event "AUT-ch (Women)"]
[Site "Jenbach"]
[Date "2009.07.29"]
[Round "5"]
[White "Wunderl, Eva"]
[Black "Horvath, Maria"]
[Result "0-1"]
[WhiteElo "1806"]
[BlackElo "2008"]
[PlyCount "54"]
[EventDate "2009.07.25"]
[EventType "swiss"]
[EventRounds "9"]
[EventCountry "AUT"]
[SourceTitle "CBM 131 Extra"]
[Source "ChessBase"]
[SourceDate "2009.09.03"]
[SourceVersion "2"]
[SourceVersionDate "2009.09.16"]
[SourceQuality "1"]

1. e4 e6 2. d4 d5 3. Nd2 Nf6 4. e5 Nfd7 5. Bd3 c5 6. c3 Nc6 7. Ne2 a6 8. Nf3 b5 9. a3 Rb8 10. Ng3 a5 11. Ng5 g6 12. h4 Be7 13. Qg4 Bxg5 14. Bxg5 Qb6 15. h5 Rg8 16. hxg6 hxg6 17. Rh6 cxd4 18. Bxg6 Ndxe5 19. Bxf7+ Nxf7 20. Rxe6+ Bxe6 21. Qxe6+ Kf8 22. Bh6+ Nxh6 23. Qxh6+ Ke8 24. 0-0-0 Ne7 25. Qh5+ Qg6 26. Qf3 Qg5+ 27. Kb1 Qg4 0-1

[Event "Wch U16 Girls"]
[Site "Vung Tau"]
[Date "2008.10.30"]
[Round "11"]
[White "Wunderl, Eva"]
[Black "Wang, Hsin Jung"]
[Result "1/2-1/2"]
[WhiteElo "1831"]
[BlackElo "1724"]
[PlyCount "50"]
[EventDate "2008.10.20"]
[EventType "swiss"]
[EventRounds "11"]
[EventCountry "VIE"]
[SourceTitle "EXT 2009"]
[Source "ChessBase"]
[SourceDate "2008.11.26"]
[SourceVersion "1"]
[SourceVersionDate "2008.11.26"]
[SourceQuality "1"]

1. e4 c5 2. Nf3 Nc6 3. Bb5 Nf6 4. Nc3 g6 5. 0-0 Bg7 6. Re1 0-0 7. d4 cxd4 8. Nxd4 a6 9. Bxc6 dxc6 10. Be3 Qc7 11. h3 Rd8 12. Qf3 Qe5 13. Rad1 Be6 14. Bf4 Qc5 15. Nxe6 fxe6 16. Qe3 Qxe3 17. Bxe3 Kf7 18. Bb6 Rxd1 19. Rxd1 Rc8 20. Bc5 Rc7 21. f3 Rd7 22. Kf2 Rxd1 23. Nxd1 Nd7 24. Be3 Ne5 25. b3 Nd7 1/2-1/2